Naps en feat - Statistiques

Statistiques générales
  • Ce quiz a été pris 35 fois
  • Le résultat moyen est 43 sur 100
Statistiques - réponses
Projet Titre Artiste % Correct
Les mains faites pour l'or Sans limite Jul
96%
Les mains faites pour l'or Mek du binks Jul
96%
Best Life Avengers Jul
96%
Mec de cité simple A quoi tu joues ? Jul
96%
Carré VIP 6.3 Ninho
96%
En temps réel C'est carré le S Ninho
96%
Carré VIP Coffre-fort SCH
89%
Les mains faites pour l'or La danse des bandits SCH
89%
Best Life Avengers SCH
89%
La TN Dreamlife SCH
89%
À l'instinct Dans le block Alonzo
70%
La TN Bogota Alonzo
70%
Best Life Best Life Gims
70%
Carré VIP Pourcent Maes
70%
En temps réel La danse du roro Maes
70%
La TN Vamos Gazo
67%
En temps réel C'est carré le S Gazo
67%
Mec de cité simple Coeur de ice Gazo
67%
On est fait pour ça CD.1 Rappelle-toi Heuss l'Enfoiré
67%
Mec de cité simple CDG Heuss l'Enfoiré
67%
À l'instinct Favela Soolking
63%
On est fait pour ça CD.2 Medellin Soolking
63%
Carré VIP Poropop Soolking
63%
Les mains faites pour l'or Tagada Soolking
63%
Pochon Bleu Pochon Bleu YL
56%
En temps réel La danse du roro Koba la D
52%
Mec de cité simple T'as fait le con TK
52%
Pochon Bleu Zeillo Kalif
48%
Pochon Bleu Pas bella Kalif
48%
Pochon Bleu Pochon Bleu Kalif
48%
À l'instinct Mektoub Kalif
48%
On est fait pour ça CD.1 Sur le banc Kalif
48%
On est fait pour ça CD.2 Ex Kalif
48%
La TN VVS Kaaris
44%
On est fait pour ça CD.1 Fortuné Lacrim
44%
On est fait pour ça CD.1 On passe le temps Mister You
44%
Pochon Bleu LV Dika
41%
On est fait pour ça CD.1 Sur le banc Dika
41%
On est fait pour ça CD.1 La Chicha Dika
41%
On est fait pour ça CD.2 A la tienne Dika
41%
En temps réel Purple Gambi
41%
À l'instinct Parle pas de nous Sofiane
41%
On est fait pour ça CD.1 Sur le banc Sofiane
41%
Carré VIP Poropop Sofiane
41%
Best Life Chicha Kaloud Sofiane
41%
Pochon Bleu Zeillo Graya
37%
Pochon Bleu Pochon Bleu Graya
37%
On est fait pour ça CD.2 Calage Graya
37%
Carré VIP Pour eux Vald
37%
En équipe Vol.1 Cet hiver 13ème Art
33%
En équipe Vol.1 Costa Brave 13ème Art
33%
Pochon Bleu Pochon Bleu 13ème Art
33%
Pochon Bleu 4 anneaux 13ème Art
33%
Pochon Bleu Elle t'a piqué 13ème Art
33%
Ma ville & ma vie Alarkebien Le Rat Luciano
33%
À l'instinct Parle pas de nous Le Rat Luciano
33%
Les mains faites pour l'or Tagada Le Rat Luciano
33%
Pochon Bleu Hasta Luego Raisse
33%
Pochon Bleu Pochon Bleu Raisse
33%
À l'instinct Poto Raisse
33%
On est fait pour ça CD.1 Hashtag Raisse
33%
Pochon Bleu Capuchés Soprano
33%
Best Life Chiron Wejdene
33%
La TN G700 Dadju
30%
En équipe Vol.1 Momo Design Kalif Hardcore
30%
On est fait pour ça CD.1 Evidemment Kalif Hardcore
30%
Best Life Avengers Kalif Hardcore
30%
Best Life Chicha Kaloud Kalif Hardcore
30%
La TN Ma best Kalif Hardcore
30%
La TN Faut s'tailler Kalif Hardcore
30%
La TN 4 anneaux gris Kalif Hardcore
30%
En temps réel Fast Life Kalif Hardcore
30%
En temps réel Sativa Kalif Hardcore
30%
Mec de cité simple Full Access Kalif Hardcore
30%
Mec de cité simple CDG Kalif Hardcore
30%
Mec de cité simple Le plus stylé Kalif Hardcore
30%
Tout est or Parle pas trop Kalif Hardcore
30%
Tout est or Cardio Kalif Hardcore
30%
La TN Bogota Morad
30%
On est fait pour ça CD.2 Où ça ? Nej
30%
Tout est or Niveau fini Nej
30%
On est fait pour ça CD.1 Malade AM la scampia
26%
En équipe Vol.1 Le sens des affaires Rim'k
26%
On est fait pour ça CD.1 C'est la guerre Rohff
26%
Les mains faites pour l'or Paroles paroles Zaho
26%
En temps réel Dua Lipa Imen ES
22%
La TN VVS Kalash Criminel
22%
Mec de cité simple T'as fait le con La Crapule
22%
En équipe Vol.1 La tchatche L'Algerino
22%
En temps réel V8 Lynda
19%
Mec de cité simple T'as fait le con Missan
19%
En équipe Vol.1 Cet hiver Hooss
15%
Best Life Je suis cramé Ivory
11%
Mec de cité simple Toujours au charbon Kikou
11%
Les mains faites pour l'or Mani Manny
11%
Mec de cité simple Toujours au charbon Ger
7%
Ma ville & ma vie Ma life DJ klassik
4%
Carré VIP Poropop Kliffzivziv
4%
Pochon Bleu Je repense à tout Mehdi Meyz
4%
À l'instinct Oulala Messao
4%
Aucun quiz correspondant
Distribution des résultats
% des personnes avec chaque résultat
Percentile par nombre de réponses
Votre historique - résultats
Vous n’avez pas pris ce quiz